000 00481cam a22001457a 4500
008 180718b2003 xxu||||| |||| 00| 0 eng d
100 _aLove, Inessa
245 _aCredit reporting and financing constraints
_cby Inessa Love and Nataliya Mylenko
260 _aWashington, D.C.
_bWorld Bank
_c2003
300 _a33p.
440 _aPolicy research working paper; no. 3142
650 _aFinance --Case studies
650 _aCredit ratings --Case studies
700 _aMylenko, Nataliya
999 _c289853
_d289853